| 000 | 00534nam a22001577a 4500 | ||
|---|---|---|---|
| 999 |
_c534505 _d534505 |
||
| 020 | _qHard Cover. | ||
| 082 | _a660 | ||
| 100 | _aSustafa, Jawad | ||
| 245 |
_aDevelopment of a Novel Exergy Tool for Realizing an Energy Efficient Naphtha Reforming Process / _cJawad Mustafa. |
||
| 260 |
_aIslamabad: _bSCME - NUST, _c2017. |
||
| 300 |
_a58 p. : _bill. ; _c30cm. |
||
| 942 |
_2ddc _cTHE |
||
| 650 |
_aChemical Engineering MS-Thesis. _916130 |
||
| 700 |
_aDr. Iftikhar Ahmad _918776 |
||